La cristianità dei secoli XI e XII in occidente: coscienza e strutture di una società : (Record n. 26112)

Dettagli MARC
000 -LEADER
fixed length control field 01399nam a2200277 i 4500
003 - CONTROL NUMBER IDENTIFIER
control field IT-RoINE
005 - DATE AND TIME OF LATEST TRANSACTION
control field 20200515100825.0
008 - FIXED-LENGTH DATA ELEMENTS--GENERAL INFORMATION
fixed length control field 060619s1983 it |r 101|||ita|d
040 ## - CATALOGING SOURCE
Original cataloging agency SpMaBN
Transcribing agency SpMaBN IT-RoINE
Modifying agency IT-RoINE
041 0# - LANGUAGE CODE
Language code of text/sound track or separate title fre
-- ger
-- ita
-- spa
110 2# - MAIN ENTRY--CORPORATE NAME
9 (RLIN) 51715
Corporate name or jurisdiction name as entry element Università cattolica del Sacro Cuore.
Subordinate unit Centro di studi medioevali.
-- Settimana internazionale di studio
Number of part/section/meeting (8ª.
Date of meeting or treaty signing 1980.
Location of meeting Passo della Mendola, Italia)
245 13 - TITLE STATEMENT
Title La cristianità dei secoli XI e XII in occidente: coscienza e strutture di una società :
Remainder of title atti della ottava Settimana internazionale di studio, Mendola, 30 giugno-5 iuglio 1980.
260 ## - PUBLICATION, DISTRIBUTION, ETC. (IMPRINT)
Place of publication, distribution, etc Milano :
Name of publisher, distributor, etc Vita e Pensiero,
Date of publication, distribution, etc [1983]
300 ## - PHYSICAL DESCRIPTION
Extent XXV, 422 p. ;
Dimensions 24 cm.
336 ## - CONTENT TYPE
Source rdacontent
Content type term text
337 ## - MEDIA TYPE
Source rdamedia
Media type term unmediated
338 ## - CARRIER TYPE
Source rdacarrier
Carrier type term volume
490 1# - SERIES STATEMENT
Series statement Pubblicazioni dell'Università cattolica del sacro cuore.
-- Miscellanea del centro di studi mediovali ;
Volume number/sequential designation 10
500 ## - GENERAL NOTE
General note Incluye índices.
504 ## - BIBLIOGRAPHY, ETC. NOTE
Bibliography, etc Incluye referencias bibliográficas en notas.
546 ## - LANGUAGE NOTE
Language note Textos en alemán, español, francés e italiano.
650 #4 - SUBJECT ADDED ENTRY--TOPICAL TERM
Topical term or geographic name as entry element Iglesia y Estado
Chronological subdivision 600-1500 (Edad media)
Form subdivision Congresos
9 (RLIN) 51708
650 #4 - SUBJECT ADDED ENTRY--TOPICAL TERM
9 (RLIN) 52561
Topical term or geographic name as entry element Iglesia
General subdivision Historia
Chronological subdivision 600-1500 (Edad media)
Form subdivision Congresos
830 #0 - SERIES ADDED ENTRY--UNIFORM TITLE
9 (RLIN) 51709
Uniform title Pubblicazioni dell'Università cattolica del Sacro Cuore.
Name of part/section of a work Miscellanea del Centro di studi medioevali
Volume number/sequential designation 10
942 ## - ADDED ENTRY ELEMENTS (KOHA)
Item type Monografías
Dati di copia
Withdrawn status Lost status Damaged status Not for loan Home library Current library Date acquired Total Checkouts Full call number Barcode Date last seen Price effective from Koha item type
        Iglesia Nacional Española en Roma Iglesia Nacional Española en Roma 17/07/2018   HIS.ECL 227 51730 17/07/2018 17/07/2018 Monografías